000 00652nam a22001937a 4500
999 _c160610
_d160610
005 20190213150706.0
010 _aENG-124754
020 _a9789386695109
_c1195.00
035 _aEN-108286
037 _bDBAD/PUB
082 _a364.15083
100 _aSuresh, Devath
245 _aChild trafficking in India
_cby Devath Suresh
260 _aNew Delhi
_bAryan Publication
_c2018
270 _a110, Gali No.4, Harphool Vihar, Bapraula
_bNew Delhi
_e110043
_k09891896483
_maryanpublicaation12@gmail.com
300 _axvii,458p.
_c22cm(Hb)
500 _aincludes bibliographical references and index
942 _2ddc
_cEN
_h364.15083
_mSUR